A brief history

Guardat en:
Dades bibliogràfiques
Format: Llibre
Idioma:Undetermined
Publicat: Washington National Science Foundation 1972
Matèries:
Etiquetes: Afegir etiqueta
Sense etiquetes, Sigues el primer a etiquetar aquest registre!
Thư viện lưu trữ: Trung tâm Học liệu Trường Đại học Cần Thơ
LEADER 00426nam a2200157Ia 4500
001 CTU_98673
008 210402s9999 xx 000 0 und d
082 |a 507.2073 
082 |b B853 
245 2 |a A brief history 
260 |a Washington 
260 |b National Science Foundation 
260 |c 1972 
650 |a National science foundation (U.S.) 
904 |i Truc 
980 |a Trung tâm Học liệu Trường Đại học Cần Thơ